Normal view
MARC view
- Deitel
Entry Personal Name
001 - CONTROL NUMBER
- control field: 81307
003 - CONTROL NUMBER IDENTIFIER
- control field: NUST
005 - DATE AND TIME OF LATEST TRANSACTION
- control field: 20210806111722.0
008 - FIXED-LENGTH DATA ELEMENTS
- fixed length control field: 210806|| aca||aabn | a|a d
040 ## - CATALOGING SOURCE
- Original cataloging agency: NUST
- Transcribing agency: NUST
100 ## - HEADING--PERSONAL NAME
- Personal name: Deitel
670 ## - SOURCE DATA FOUND
- Source citation: Work cat.: (NUST)31868: Deitel, C++ How to Program , c2006.
